| 000 | 01152aas a2200229 4500 | ||
|---|---|---|---|
| 999 |
_c713 _d713 |
||
| 003 | BR-BrBNA | ||
| 005 | 20230317232844.0 | ||
| 007 | ta | ||
| 008 | 230119b bl ||||| |||| 00| 0 por d | ||
| 035 | _a000485-5 | ||
| 040 |
_aBR-BrBNA _bPor _cBR-BrBNA |
||
| 042 | _a068643-3 | ||
| 044 | _abl | ||
| 245 | _aRevista Zebu (Brazil) | ||
| 260 |
_aUberaba-MG _bAssociação Brasileira dos Criadores de Zebu _c1939. Data final de publicação em 1976 _eBMG |
||
| 270 | _aRua José Furtado, 45-47 - Cep: 38100 | ||
| 310 | _airregular | ||
| 500 | _aTítulo Varia: Zebu - Revista Agropecuária Zebu - De 1939-67 publicada pela Sociedade Rural do Triângulo Mineiro | ||
| 505 | _a1939-51 1-11(1-85); 1952 12-13(86-94); 1953-54 13-15(100-119); 1955 15(120-123,125-130); 1956 16(133-142); 1957-59 16-17(143-165); 1959 18-19(166-174,176); 1960-64 19-23(177-223); 1965 23-24(224-228,231); 1966 25(234,237-239,241); 1967 26(242-243,245-249,251-253); 1968-68 2728(254-269); 1970 30(270-274,277,279); 1971 30(280-286); 1972 30(287-292,295); 1973 31(298,302); 1974 (304); 1975 37(310-312,314,316,318); 1976 38(319-320,322-323); | ||
| 909 |
_a56 _bSergio Santos _c56 _dSergio Santos |
||
| 942 |
_cCR _2AGRIS |
||